[Event "Kieler Open 2014-A"]
[Site "Kiel"]
[Date "2014.08.02"]
[Round "1.30"]
[White "Bienert, Marco"]
[Black "Neumann, Frank"]
[Result "0-1"]
[WhiteElo "1758"]
[BlackElo "2028"]
[PlyCount "69"]
[EventDate "2014.??.??"]
[WhiteTeam "Holsatia Kiel"]
[BlackTeam "Agon Neumünster"]

1. e4 g6 2. d4 Bg7 3. Be3 d6 4. Nc3 Nf6 5. f3 O-O 6. Qd2 e5 7. Nge2 Nc6 8.
O-O-O Nd7 9. d5 Ne7 10. g4 f5 11. gxf5 gxf5 12. Bh6 f4 13. Rg1 Ng6 14. Bxg7
Kxg7 15. Bh3 Kh8 16. Bf5 Nh4 17. Bg4 Qe7 18. Nb5 Nf6 19. Qc3 Bxg4 20. fxg4 Nxe4
21. Qxc7 Qxc7 22. Nxc7 Rac8 23. Ne6 Rg8 24. N2xf4 exf4 25. Nxf4 Nf2 26. Rdf1
Rxg4 27. Rxg4 Nxg4 28. Ne6 Ne5 29. Rf6 Nhf3 30. Nf4 Rd8 31. Ne6 Rg8 32. b3 Nxh2
33. Nd4 Nhg4 34. Rxd6 h5 35. Nf3 0-1

[Event "Kieler Open 2014-A"]
[Site "Kiel"]
[Date "2014.08.02"]
[Round "1.32"]
[White "Christensen, Andreas"]
[Black "Kröncke, Manfred"]
[Result "1-0"]
[WhiteElo "1733"]
[BlackElo "2024"]
[PlyCount "77"]
[EventDate "2014.??.??"]
[WhiteTeam "Hamburger SK"]
[BlackTeam "Glückstadt "]

1. e4 c5 2. d4 cxd4 3. c3 d3 4. Bxd3 Nc6 5. Nf3 d6 6. h3 g6 7. c4 Bg7 8. Nc3
Nf6 9. Be3 O-O 10. Rc1 Nd7 11. Qe2 Nde5 12. Nxe5 dxe5 13. O-O Nd4 14. Qd1 Bd7
15. Nb5 Bc6 16. Qd2 Re8 17. Nxd4 exd4 18. Bh6 Bh8 19. c5 Qd7 20. f4 Bb5 21. f5
Bxd3 22. Qxd3 Be5 23. b4 a6 24. Rc2 Qb5 25. Qb3 Bh2+ 26. Kxh2 Qxf1 27. Qd5 d3
28. Qe5 f6 29. Qd5+ Kh8 30. Qf7 Rg8 31. Qxe7 Qa1 32. Rd2 gxf5 33. exf5 Rae8 34.
Bg7+ Rxg7 35. Qxe8+ Rg8 36. Qe3 Qc3 37. Qxd3 Qxb4 38. Qd4 Rf8 39. Qxb4 1-0

[Event "Kieler Open 2014-A"]
[Site "Kiel"]
[Date "2014.08.02"]
[Round "1.33"]
[White "Schramm, Bernd"]
[Black "Kiep, Fabian"]
[Result "1-0"]
[WhiteElo "2024"]
[BlackElo "1708"]
[PlyCount "123"]
[EventDate "2014.??.??"]
[WhiteTeam "Kieler SG"]
[BlackTeam "Agon Neumünster"]

1. e4 c5 2. Nf3 e6 3. d4 cxd4 4. Nxd4 a6 5. Be3 Qc7 6. a3 Nf6 7. Nc3 b5 8. Bd3
Bb7 9. O-O Be7 10. Qe2 d5 11. exd5 Nxd5 12. Nxd5 Bxd5 13. Rac1 Qb7 14. f3 O-O
15. c4 bxc4 16. Bxc4 Bxc4 17. Rxc4 Nd7 18. Rfc1 Rfc8 19. Nc6 Bf8 20. Qf2 Nf6
21. Qc2 Nd5 22. Bf2 h6 23. b4 Bd6 24. Na5 Rxc4 25. Qxc4 Qc7 26. Qxc7 Bxc7 27.
Nc4 Kf8 28. Ne3 Bf4 29. Re1 Bxe3 30. Bxe3 Nxe3 31. Rxe3 Rc8 32. Kf2 Ke7 33. Rd3
Rc2+ 34. Kg3 f6 35. h4 g5 36. hxg5 hxg5 37. Rb3 f5 38. a4 Rc6 39. b5 axb5 40.
Rxb5 Ra6 41. a5 Kd7 42. f4 g4 43. Kh4 Kc6 44. Re5 Kd6 45. Kg5 Ke7 46. Rb5 Ra8
47. Rb7+ Kd6 48. Rb6+ Ke7 49. a6 Rg8+ 50. Kh4 Rh8+ 51. Kg3 Kf6 52. Kf2 Rc8 53.
a7 Rc2+ 54. Ke3 Ra2 55. Rb7 e5 56. Rb6+ Ke7 57. Rh6 e4 58. Rh8 Ra3+ 59. Kd2 e3+
60. Ke2 Rxa7 61. Kxe3 Ra3+ 62. Kd4 1-0

[Event "Kieler Open 2014-A"]
[Site "Kiel"]
[Date "2014.08.02"]
[Round "1.34"]
[White "Kowalski, Ben Wito"]
[Black "Hilbig, Dieter"]
[Result "1/2-1/2"]
[WhiteElo "1706"]
[BlackElo "2020"]
[PlyCount "47"]
[EventDate "2014.??.??"]
[WhiteTeam "Stade"]
[BlackTeam "Gera"]

1. e4 c5 2. Nf3 Nc6 3. d4 cxd4 4. Nxd4 e5 5. Nb5 d6 6. N1a3 a6 7. Nc3 f5 8. f3
f4 9. Qd2 Be7 10. Be2 Bh4+ 11. Kd1 Be6 12. Bc4 Qd7 13. Bxe6 Qxe6 14. Nd5 Bd8
15. b3 b5 16. Bb2 Nh6 17. Ke2 O-O 18. Rac1 Re8 19. Rhd1 Nf7 20. c4 bxc4 21.
Nxc4 Ne7 22. Nc3 Bc7 23. Ba3 Red8 24. Qd3 1/2-1/2

[Event "Kieler Open 2014-A"]
[Site "Kiel"]
[Date "2014.08.02"]
[Round "1.35"]
[White "Praczukowski, Stanislaw"]
[Black "Jacobsen, Trond"]
[Result "1-0"]
[WhiteElo "2018"]
[BlackElo "1678"]
[PlyCount "77"]
[EventDate "2014.??.??"]
[WhiteTeam "KS Laura Chylice"]
[BlackTeam "Oslo"]

1. d4 d5 2. c4 e6 3. Nf3 Nf6 4. g3 Be7 5. Bg2 O-O 6. O-O b6 7. cxd5 Nxd5 8. a3
Bb7 9. Qc2 Nf6 10. Nc3 a6 11. e4 c5 12. Rd1 Qc8 13. d5 Rd8 14. d6 Bf8 15. e5
Nd5 16. Ng5 g6 17. Nxd5 Bxd5 18. Bxd5 exd5 19. Rxd5 Qc6 20. Rd1 Nd7 21. e6 fxe6
22. Nxe6 Ne5 23. f4 Nf3+ 24. Kf2 Nxh2 25. Ng5 Ng4+ 26. Kg1 b5 27. Qe2 Qd7 28.
Ne4 h5 29. Nxc5 Qa7 30. b4 Kh7 31. f5 Rxd6 32. Rxd6 Bxd6 33. fxg6+ Kg7 34. Bb2+
Nf6 35. Bxf6+ Kxf6 36. Qe6+ Kg7 37. Qxd6 Rf8 38. Re1 Kh6 39. Qxf8+ 1-0

[Event "Kieler Open 2014-A"]
[Site "Kiel"]
[Date "2014.08.02"]
[Round "1.36"]
[White "Henschen, Patrick"]
[Black "Jacobsen, Mikkel Manosri"]
[Result "0-1"]
[WhiteElo "1667"]
[BlackElo "2007"]
[PlyCount "64"]
[EventDate "2014.??.??"]
[WhiteTeam "Segeberg"]
[BlackTeam "Dänemark"]

1. d4 d5 2. c4 c6 3. Nc3 Nf6 4. Nf3 e6 5. e3 Nbd7 6. Be2 Bd6 7. O-O O-O 8. b3
Ne4 9. Bb2 f5 10. Ne1 Qh4 11. f4 Qh6 12. Nf3 b6 13. cxd5 exd5 14. Qc1 Bb7 15.
Nxe4 fxe4 16. Ne5 Nxe5 17. dxe5 Bc5 18. g3 Bc8 19. Bd4 Be7 20. Rf2 Qg6 21. Qd1
Bb7 22. a4 Rad8 23. a5 c5 24. Bb2 d4 25. Bc4+ Kh8 26. Qc1 Qc6 27. axb6 axb6 28.
Bf1 dxe3 29. Qxe3 c4 30. Ba3 Rd3 31. Bxd3 exd3 32. Rfa2 Bxa3 0-1

[Event "Kieler Open 2014-A"]
[Site "Kiel"]
[Date "2014.08.02"]
[Round "1.37"]
[White "Meyers, Mark"]
[Black "Malchau, Jochen"]
[Result "1-0"]
[WhiteElo "2007"]
[BlackElo "1664"]
[PlyCount "93"]
[EventDate "2014.??.??"]
[WhiteTeam "Heinsberg"]
[BlackTeam "Greifswald"]

1. Nf3 d5 2. c4 c6 3. g3 Nf6 4. Bg2 Bf5 5. cxd5 cxd5 6. Nc3 Nc6 7. d4 e6 8. Bf4
Bd6 9. Bxd6 Qxd6 10. O-O h6 11. Rc1 O-O 12. Na4 b6 13. a3 Rfc8 14. b4 Ne7 15.
Qb3 Ng6 16. Qb2 Be4 17. Ne5 Bxg2 18. Kxg2 Nd7 19. Nxg6 fxg6 20. Nc3 a6 21. b5
a5 22. f3 g5 23. Na4 Rc4 24. Rxc4 dxc4 25. Nc3 Nf6 26. Rd1 Nd5 27. Kf2 Nxc3 28.
Qxc3 Rc8 29. e4 Qf8 30. d5 Qc5+ 31. Kg2 Rd8 32. Rd4 exd5 33. exd5 Qxb5 34. d6
Qc5 35. d7 Qc6 36. Qe1 Kh7 37. Qe7 Qc7 38. Qe4+ Kg8 39. Qe8+ Kh7 40. Qe4+ Kg8
41. Qe8+ Kh7 42. h4 gxh4 43. gxh4 Qb8 44. Qe7 h5 45. Rd5 Kh6 46. Rxh5+ Kg6 47.
Rg5+ 1-0

[Event "Kieler Open 2014-A"]
[Site "Kiel"]
[Date "2014.08.02"]
[Round "1.38"]
[White "Petersen, Finn Christopher"]
[Black "Kardoeus, David"]
[Result "0-1"]
[WhiteElo "1616"]
[BlackElo "2003"]
[PlyCount "38"]
[EventDate "2014.??.??"]
[WhiteTeam "Doppelbauer Kiel"]
[BlackTeam "Werder Bremen"]

1. e4 c5 2. Nc3 Nc6 3. g3 g6 4. f4 Bg7 5. Nf3 d6 6. d3 Bg4 7. Bg2 Nd4 8. h3
Bxf3 9. Bxf3 Qd7 10. Be3 Rc8 11. g4 e6 12. g5 b5 13. Bg4 h5 14. gxh6 Nxh6 15.
Kd2 b4 16. Ne2 Nxe2 17. Kxe2 Bxb2 18. Rb1 Bg7 19. Bf3 Qa4 0-1

[Event "Kieler Open 2014-A"]
[Site "Kiel"]
[Date "2014.08.02"]
[Round "1.39"]
[White "Guetschow, Martin"]
[Black "Rulofs, Henrik"]
[Result "1/2-1/2"]
[WhiteElo "1991"]
[BlackElo "1776"]
[PlyCount "38"]
[EventDate "2014.??.??"]
[WhiteTeam "Segeberg"]
[BlackTeam "Turm Kiel"]

1. e4 c5 2. d4 cxd4 3. c3 d5 4. Bb5+ Bd7 5. Bxd7+ Qxd7 6. Qxd4 dxe4 7. Qxe4 Nf6
8. Qe2 e6 9. Nf3 Nc6 10. O-O Qc7 11. Nbd2 Be7 12. Ne4 O-O 13. Bg5 Nxe4 14. Qxe4
h6 15. Bf4 Bd6 16. Be3 Ne7 17. Rad1 Nf5 18. g3 Nxe3 19. Qxe3 Bc5 1/2-1/2

[Event "Kieler Open 2014-A"]
[Site "Kiel"]
[Date "2014.08.02"]
[Round "1.40"]
[White "Rosenkranz, Bernd-Christian"]
[Black "Hauptmann, Thomas"]
[Result "1/2-1/2"]
[WhiteElo "1656"]
[BlackElo "1971"]
[PlyCount "37"]
[EventDate "2014.??.??"]
[WhiteTeam "Rendsburg"]
[BlackTeam "Amsterdam"]

1. e4 d5 2. exd5 Qxd5 3. Nc3 Qd6 4. d4 c6 5. Nf3 Nf6 6. g3 Bg4 7. Be3 e6 8. Bg2
Be7 9. O-O O-O 10. a3 Nd5 11. Nxd5 cxd5 12. Qd2 Nc6 13. Bf4 Qd7 14. Ne5 Nxe5
15. Bxe5 Bf5 16. Rfd1 Rfc8 17. c3 Bd6 18. Bxd6 Qxd6 19. Bf3 1/2-1/2

[Event "Kieler Open 2014-A"]
[Site "Kiel"]
[Date "2014.08.02"]
[Round "1.41"]
[White "Karlisch, Moritz"]
[Black "Haffner, Alexander"]
[Result "0-1"]
[WhiteElo "1602"]
[BlackElo "2126"]
[PlyCount "66"]
[EventDate "2014.??.??"]
[WhiteTeam "Doppelbauer Kiel"]
[BlackTeam "Doppelbauer Kiel"]

1. e4 g6 2. d4 Bg7 3. Nf3 d6 4. Bd3 Bg4 5. c3 Nd7 6. h3 Bxf3 7. Qxf3 Ngf6 8.
O-O O-O 9. Bf4 Nh5 10. Bg5 h6 11. Bh4 c5 12. dxc5 Ne5 13. Qd1 dxc5 14. Bc2 Qc7
15. Nd2 Rad8 16. Qe2 Nf4 17. Qe3 Nxh3+ 18. Kh1 Ng4 19. Qxh3 Rxd2 20. Bb3 h5 21.
Rab1 c4 22. Bg3 Qc5 23. Bd1 Nxf2+ 24. Bxf2 Rxf2 25. Bf3 Rxf1+ 26. Rxf1 Rd8 27.
g4 hxg4 28. Qxg4 Qe5 29. Be2 Rd2 30. Qf3 Bf6 31. Rf2 Rxb2 32. Bxc4 Rxf2 33.
Qxf2 Qxe4+ 0-1

[Event "Kieler Open 2014-A"]
[Site "Kiel"]
[Date "2014.08.02"]
[Round "2.1"]
[White "Horn, Sven"]
[Black "Malakhatko, Vadim"]
[Result "0-1"]
[WhiteElo "2158"]
[BlackElo "2560"]
[PlyCount "78"]
[EventDate "2014.??.??"]
[WhiteTeam "Oberschöneweide"]

1. e4 c5 2. Nf3 e6 3. d4 cxd4 4. Nxd4 Nc6 5. g3 a6 6. Nb3 Qc7 7. Bg2 Nf6 8. O-O
d6 9. a4 b6 10. Be3 Bb7 11. f4 Be7 12. Na3 Rb8 13. Qe2 O-O 14. Rfd1 Rfc8 15.
Nc4 Ba8 16. Na3 Na5 17. Nd2 d5 18. e5 Nd7 19. c3 Nc5 20. Nc2 Ncb3 21. Nxb3 Nxb3
22. Ra2 a5 23. Bf1 Bc6 24. Qg4 b5 25. Bd3 bxa4 26. f5 exf5 27. Bxf5 Re8 28. Bf4
Bc5+ 29. Nd4 Qa7 30. e6 Rbd8 31. Be5 fxe6 32. Bxe6+ Kh8 33. Kg2 Nxd4 34. cxd4
Bd6 35. Rf1 Bxe5 36. dxe5 d4+ 37. Kg1 d3+ 38. Rf2 d2 39. Ra1 Rxe6 0-1

[Event "Kieler Open 2014-A"]
[Site "Kiel"]
[Date "2014.08.02"]
[Round "2.2"]
[White "Stopa, Jacek"]
[Black "Rozycki, Bartlomiej"]
[Result "1-0"]
[WhiteElo "2498"]
[BlackElo "2128"]
[PlyCount "159"]
[EventDate "2014.??.??"]
[BlackTeam "KS Laura Chylice"]

1. Nf3 Nf6 2. c4 e6 3. g3 d5 4. Bg2 dxc4 5. Qa4+ Nbd7 6. O-O a6 7. Qxc4 b5 8.
Qb3 Bb7 9. d3 c5 10. a4 Qb6 11. Na3 b4 12. Nb1 Bd5 13. Qc2 b3 14. Qc3 c4 15.
dxc4 Bc6 16. Be3 Qb7 17. Nbd2 Rb8 18. Bf4 Bb4 19. Qxb3 Bxd2 20. Qxb7 Rxb7 21.
Nxd2 Bxg2 22. Kxg2 Rxb2 23. Rfb1 Rc2 24. Rc1 Rxc1 25. Rxc1 Nc5 26. Bd6 Nxa4 27.
Ra1 Kd7 28. Bb4 Nb6 29. Rxa6 Kc6 30. c5 Nfd5 31. cxb6 Nxb4 32. Ra7 Rf8 33. Nc4
Nd5 34. Rxf7 Rxf7 35. Ne5+ Kxb6 36. Nxf7 h6 37. Nd8 Nc7 38. Kf3 Kc5 39. Kg4 Kd6
40. Kh5 Ke7 41. Kg6 Kxd8 42. Kxg7 h5 43. h4 Ke7 44. f3 Nb5 45. g4 Nd4 46. e4 e5
47. gxh5 Ne6+ 48. Kg8 Nd8 49. h6 Nf7 50. Kg7 Ke6 51. h7 Nh8 52. Kxh8 Kf7 53. h5
Kf8 54. h6 Kf7 55. f4 exf4 56. e5 f3 57. e6+ Kf8 58. e7+ Kxe7 59. Kg8 f2 60.
h8=Q f1=Q 61. Qe5+ Kd7 62. Qd5+ Ke8 63. Qe6+ Kd8 64. Qd6+ Ke8 65. Qe6+ Kd8 66.
h7 Qg1+ 67. Kf7 Qa7+ 68. Kg6 Qg1+ 69. Kf6 Qd4+ 70. Qe5 Qb6+ 71. Kf5 Qb1+ 72.
Qe4 Qb5+ 73. Kg4 Qd7+ 74. Qf5 Qd4+ 75. Kh5 Qh8 76. Qd5+ Kc7 77. Qf7+ Kb6 78.
Kg6 Kb5 79. Qf6 Qe8+ 80. Kh6 1-0

[Event "Kieler Open 2014-A"]
[Site "Kiel"]
[Date "2014.08.02"]
[Round "2.3"]
[White "Haffner, Alexander"]
[Black "Turner, Matthew J"]
[Result "0-1"]
[WhiteElo "2126"]
[BlackElo "2483"]
[PlyCount "77"]
[EventDate "2014.??.??"]
[WhiteTeam "Doppelbauer Kiel"]

1. d4 Nf6 2. c4 e6 3. Nf3 b6 4. a3 Ba6 5. Qc2 Bb7 6. Nc3 c5 7. e3 Be7 8. Be2
O-O 9. O-O d5 10. cxd5 exd5 11. Rd1 Nbd7 12. Bd3 Rc8 13. Ne5 g6 14. Nxd7 Qxd7
15. Qe2 c4 16. Bc2 b5 17. Bd2 a5 18. Na2 Bd8 19. Rac1 Re8 20. b4 Ra8 21. Qe1
axb4 22. Bxb4 Ng4 23. Qc3 Qc7 24. g3 h5 25. Rf1 h4 26. Bd1 Bc8 27. Bf3 hxg3 28.
fxg3 Rxe3 29. Qd2 Bg5 30. Qg2 Rxf3 31. Qxf3 Be3+ 32. Kg2 Bxd4 33. Rce1 Bf5 34.
Qxd5 Rd8 35. Qxb5 Ne3+ 36. Rxe3 Bxe3 37. Rxf5 gxf5 38. Qxf5 Qc6+ 39. Kh3 0-1

[Event "Kieler Open 2014-A"]
[Site "Kiel"]
[Date "2014.08.02"]
[Round "2.4"]
[White "Lanka, Zigurds"]
[Black "Saglam, Bülent"]
[Result "1-0"]
[WhiteElo "2451"]
[BlackElo "2097"]
[PlyCount "51"]
[EventDate "2014.??.??"]
[WhiteTeam "Schott Mainz"]
[BlackTeam "Doppelbauer Kiel"]

1. e4 e6 2. d4 d5 3. Nc3 dxe4 4. Nxe4 Nd7 5. Nf3 Ngf6 6. Nxf6+ Nxf6 7. Bc4 c5
8. O-O Be7 9. Qe2 O-O 10. Bg5 Qc7 11. Rad1 b6 12. Ne5 Bd6 13. Bd3 Nd5 14. c4
Nb4 15. Be4 Rb8 16. a3 cxd4 17. Bf6 gxf6 18. Bxh7+ Kh8 19. Qh5 Rg8 20. Nxf7+
Qxf7 21. Qxf7 Rg7 22. Qxf6 Kxh7 23. axb4 Bb7 24. g3 Bxb4 25. Rxd4 Rf8 26. Rh4+
1-0

[Event "Kieler Open 2014-A"]
[Site "Kiel"]
[Date "2014.08.02"]
[Round "2.5"]
[White "Buchholz, Sebastian"]
[Black "Simantsev, Mikhail"]
[Result "0-1"]
[WhiteElo "2120"]
[BlackElo "2448"]
[PlyCount "90"]
[EventDate "2014.??.??"]
[WhiteTeam "Doppelbauer Kiel"]

1. e4 c5 2. Nf3 e6 3. d4 cxd4 4. Nxd4 a6 5. Be2 Qc7 6. O-O d6 7. c4 Nf6 8. Nc3
Be7 9. Be3 b6 10. Rc1 Bb7 11. f3 O-O 12. Kh1 Nbd7 13. Qe1 Rac8 14. Qg3 Rfe8 15.
b3 Qb8 16. Bd3 Bf8 17. Qh3 g6 18. Bh6 Be7 19. f4 Nc5 20. f5 Nxd3 21. Qxd3 Bd8
22. fxe6 fxe6 23. Bg5 Nd7 24. Bxd8 Rcxd8 25. Qh3 Nf8 26. Rf6 Re7 27. Rcf1 Rde8
28. Qh6 Nd7 29. R6f2 Rf8 30. Nf3 b5 31. cxb5 axb5 32. Qg5 Ref7 33. Qxb5 Ne5 34.
h3 Qa8 35. Qb6 Bxe4 36. Nxe4 Qxe4 37. Ng5 Rxf2 38. Nxe4 Rxf1+ 39. Kh2 Re1 40.
Ng5 h6 41. Qb4 Re2 42. Ne4 Nf3+ 43. Kg3 Ne1 44. Nd2 Rxg2+ 45. Kh4 Rf4+ 0-1

[Event "Kieler Open 2014-A"]
[Site "Kiel"]
[Date "2014.08.02"]
[Round "2.6"]
[White "Voloshin, Leonid"]
[Black "Friebe, Martin"]
[Result "1-0"]
[WhiteElo "2403"]
[BlackElo "2066"]
[PlyCount "85"]
[EventDate "2014.??.??"]
[BlackTeam "Kieler SG"]

1. d4 d5 2. c4 e6 3. cxd5 exd5 4. Nc3 Nf6 5. Bg5 c6 6. e3 Bd6 7. Bd3 O-O 8. Qc2
h6 9. Bh4 Re8 10. Nge2 b6 11. Rc1 Qe7 12. a3 Bb7 13. Ng3 Bxg3 14. Bxg3 Nbd7 15.
Be2 Rac8 16. O-O c5 17. Rfd1 cxd4 18. Rxd4 Nc5 19. Qd1 Nce4 20. Nxe4 Nxe4 21.
Rxc8 Rxc8 22. Bf3 Qc5 23. Bxe4 dxe4 24. h3 a6 25. Rd6 Bc6 26. Kh2 f6 27. Rxf6
Kh7 28. Qg4 gxf6 29. Qxc8 a5 30. Qc7+ Kg6 31. Qd8 Kg7 32. b4 axb4 33. axb4 Qb5
34. Bd6 Bd5 35. Be7 Qc6 36. Bxf6+ Qxf6 37. Qxd5 Qxf2 38. Qxe4 b5 39. Qd4+ Kg6
40. Qg4+ Kh7 41. Qe4+ Kg7 42. Qe5+ Kh7 43. Qc7+ 1-0

[Event "Kieler Open 2014-A"]
[Site "Kiel"]
[Date "2014.08.02"]
[Round "2.7"]
[White "Uksini, Bardhyl"]
[Black "Wichmann, Cliff"]
[Result "1/2-1/2"]
[WhiteElo "2063"]
[BlackElo "2361"]
[PlyCount "49"]
[EventDate "2014.??.??"]
[WhiteTeam "Hamburg"]
[BlackTeam "Nickelhütte Aue"]

1. Nf3 d5 2. d4 Nf6 3. c4 dxc4 4. Qa4+ c6 5. Qxc4 Bf5 6. Nc3 e6 7. Bg5 Qa5 8.
Bxf6 gxf6 9. g3 Bc2 10. Nd2 Nd7 11. a3 Nb6 12. Qa2 Nd5 13. Nxd5 Qxd5 14. Qxd5
exd5 15. Rc1 Bf5 16. Bg2 Kd7 17. O-O Bh6 18. e3 Rhe8 19. Rc3 Kd6 20. Rfc1 Bd7
21. Nb3 b6 22. Rd1 Bg4 23. Rd2 Re7 24. Nc1 Bc8 25. Rdc2 1/2-1/2

[Event "Kieler Open 2014-A"]
[Site "Kiel"]
[Date "2014.08.02"]
[Round "2.8"]
[White "Kang, Chuanqi"]
[Black "Berger, Joachim"]
[Result "1-0"]
[WhiteElo "2302"]
[BlackElo "2025"]
[PlyCount "71"]
[EventDate "2014.??.??"]
[BlackTeam "Lübeck"]

1. e4 e5 2. Nf3 Nc6 3. Bb5 a6 4. Ba4 Nf6 5. O-O Nxe4 6. d4 b5 7. Bb3 d5 8. dxe5
Be6 9. c3 Bc5 10. Nbd2 O-O 11. Bc2 Nxf2 12. Rxf2 f6 13. exf6 Bxf2+ 14. Kxf2
Qxf6 15. Kg1 Bg4 16. h3 Bh5 17. Nf1 Bxf3 18. Qxf3 Qh4 19. Qxd5+ Kh8 20. Be3 Rf6
21. a4 Rd8 22. Qg5 Qc4 23. axb5 axb5 24. Ng3 Rdf8 25. Kh2 b4 26. Ra4 Qe6 27.
cxb4 Ne5 28. Ra5 Nf3+ 29. gxf3 Rxf3 30. Rf5 R8xf5 31. Nxf5 Qe5+ 32. Kg2 Rxe3
33. Qxe3 Qb5 34. Qe4 h6 35. Ng3 Qd7 36. Qh7# 1-0

[Event "Kieler Open 2014-A"]
[Site "Kiel"]
[Date "2014.08.02"]
[Round "2.9"]
[White "Rabe, Klaus"]
[Black "Bente, Björn"]
[Result "1/2-1/2"]
[WhiteElo "2054"]
[BlackElo "2285"]
[PlyCount "65"]
[EventDate "2014.??.??"]
[WhiteTeam "Kieler SG"]
[BlackTeam "Hamburg"]

1. d4 d5 2. Nf3 Nf6 3. c4 c6 4. e3 Bf5 5. Bd3 Bxd3 6. Qxd3 e6 7. O-O Bd6 8. Nc3
Nbd7 9. e4 dxc4 10. Qxc4 e5 11. Rd1 Qe7 12. Bg5 O-O 13. a4 exd4 14. Qxd4 Bc5
15. Qc4 Bb6 16. a5 Bc7 17. a6 Nb6 18. Qe2 bxa6 19. Nd4 h6 20. Bh4 Rfe8 21. Nxc6
Qc5 22. Bxf6 Qxc6 23. Bd4 Nc4 24. b3 Na5 25. Qg4 Be5 26. Rxa5 Bxd4 27. Nd5 Bb6
28. Raa1 Qe6 29. Qxe6 Rxe6 30. Kf1 Rxe4 31. Rxa6 Rb8 32. Nxb6 Rxb6 33. Rxa7
1/2-1/2

[Event "Kieler Open 2014-A"]
[Site "Kiel"]
[Date "2014.08.02"]
[Round "2.10"]
[White "Chetverik, Maxim"]
[Black "Schramm, Bernd"]
[Result "1/2-1/2"]
[WhiteElo "2254"]
[BlackElo "2024"]
[PlyCount "87"]
[EventDate "2014.??.??"]
[BlackTeam "Kieler SG"]

1. d4 Nf6 2. c4 e6 3. Nf3 b6 4. g3 Bb7 5. Bg2 d6 6. O-O Be7 7. Nc3 Ne4 8. Qc2
Nxc3 9. bxc3 Nd7 10. e4 e5 11. Rd1 Bf6 12. dxe5 Bxe5 13. Nxe5 Nxe5 14. f4 Ng6
15. e5 Bxg2 16. Qxg2 O-O 17. Ba3 Re8 18. exd6 cxd6 19. Bxd6 Qf6 20. Rd4 Qe6 21.
Qf2 Qe3 22. Qxe3 Rxe3 23. Rc1 Re2 24. a3 Rae8 25. Rcd1 Nf8 26. R4d2 Rxd2 27.
Rxd2 Nd7 28. Kg2 f5 29. Kf3 Kf7 30. Rd3 g6 31. a4 Rc8 32. Bb4 Nf6 33. Rd4 a5
34. Ba3 Rc6 35. h3 Ke6 36. g4 Ne4 37. gxf5+ gxf5 38. Ke3 Nxc3 39. Rd8 Nxa4 40.
Re8+ Kf6 41. Kd4 Re6 42. Rf8+ Kg6 43. Rg8+ Kf7 44. Rf8+ 1/2-1/2

[Event "Kieler Open 2014-A"]
[Site "Kiel"]
[Date "2014.08.02"]
[Round "2.11"]
[White "Neumann, Frank"]
[Black "Hildenbrand, Peter"]
[Result "0-1"]
[WhiteElo "2028"]
[BlackElo "2240"]
[PlyCount "170"]
[EventDate "2014.??.??"]
[WhiteTeam "Agon Neumünster"]
[BlackTeam "Leimen"]

1. d4 d6 2. Nf3 Bg4 3. c4 c6 4. Nc3 Qc7 5. e4 e5 6. Be2 Nf6 7. O-O h6 8. Be3
Be7 9. b4 Nbd7 10. d5 O-O 11. Nd2 Bxe2 12. Qxe2 Nh7 13. Nb3 Bg5 14. Rac1 Rfd8
15. Rfd1 Bxe3 16. Qxe3 Nhf6 17. dxc6 bxc6 18. b5 c5 19. a4 Nf8 20. Nd5 Nxd5 21.
cxd5 a6 22. Nd2 axb5 23. axb5 Rdb8 24. Rb1 Nd7 25. Nc4 Ra4 26. Rdc1 Nb6 27. Qe2
Nxc4 28. Rxc4 Rxb5 29. Rxb5 Ra1+ 30. Qf1 Rxf1+ 31. Kxf1 Qa7 32. Rb1 Qa6 33.
Rbc1 g5 34. g4 Kg7 35. Kg2 Kg6 36. h3 h5 37. Kg3 Qa5 38. R4c3 Qb4 39. Kf3 Qb2
40. R1c2 Qb8 41. Rc1 Qb4 42. Re3 Qb2 43. Rcc3 Qd2 44. Kg2 Qd1 45. Rcd3 Qa4 46.
Ra3 Qd7 47. Kg3 Qc8 48. Rab3 Qa6 49. Kg2 Kf6 50. Ra3 Qc8 51. Kg3 Kg6 52. Reb3
Qh8 53. Rb6 hxg4 54. Rxd6+ f6 55. Kg2 Qh4 56. hxg4 Qxg4+ 57. Kf1 Qd1+ 58. Kg2
Qg4+ 59. Kf1 Qxe4 60. Raa6 Qd3+ 61. Kg1 Qf3 62. Rac6 g4 63. Rd8 g3 64. Rg8+ Kf5
65. Rxg3 Qxd5 66. Ra6 Qd1+ 67. Kg2 Qd5+ 68. Kg1 Qe4 69. Raa3 c4 70. Rae3 Qb1+
71. Kg2 Qb7+ 72. Kh2 Qc7 73. Rgf3+ Kg6 74. Rg3+ Kf7 75. Kg1 Ke6 76. Kg2 Qc6+
77. Kg1 Qc7 78. Rh3 Kd5 79. Kf1 f5 80. f4 e4 81. Rh4 c3 82. Rh5 Qg7 83. Ke2
Qg4+ 84. Ke1 Kd4 85. Kf2 Qxh5 0-1

[Event "Kieler Open 2014-A"]
[Site "Kiel"]
[Date "2014.08.02"]
[Round "2.12"]
[White "Van Voorthuijsen, Peewee"]
[Black "Praczukowski, Stanislaw"]
[Result "1/2-1/2"]
[WhiteElo "2206"]
[BlackElo "2018"]
[PlyCount "47"]
[EventDate "2014.??.??"]
[WhiteTeam "Amsterdam"]
[BlackTeam "KS Laura Chylice"]

1. Nf3 Nf6 2. d4 e6 3. c4 Bb4+ 4. Bd2 c5 5. Bxb4 cxb4 6. g3 b6 7. Bg2 Bb7 8.
O-O O-O 9. Nbd2 d6 10. Qc2 Qe7 11. e4 e5 12. d5 Nbd7 13. Nh4 g6 14. Qb3 a5 15.
Qe3 Rfc8 16. Bh3 Ba6 17. Qg5 Ra7 18. Bxd7 Rxd7 19. Nf5 Qd8 20. f4 exf4 21. Nh6+
Kg7 22. Nf5+ Kg8 23. Nh6+ Kg7 24. Nf5+ 1/2-1/2

[Event "Kieler Open 2014-A"]
[Site "Kiel"]
[Date "2014.08.02"]
[Round "2.13"]
[White "Jacobsen, Mikkel Manosri"]
[Black "Hofer, Emilian"]
[Result "1/2-1/2"]
[WhiteElo "2007"]
[BlackElo "2197"]
[PlyCount "62"]
[EventDate "2014.??.??"]
[BlackTeam "Jedesheim"]

1. d4 d5 2. Bf4 Nf6 3. e3 g6 4. Nf3 Bg7 5. Nbd2 Nbd7 6. h3 c5 7. c3 O-O 8. Bd3
b6 9. O-O Bb7 10. a4 Nb8 11. b4 cxb4 12. cxb4 Nc6 13. Qb3 a5 14. bxa5 Nxa5 15.
Qb4 Nc6 16. Qb3 Ba6 17. Bxa6 Rxa6 18. Qb5 Qa8 19. Bc7 Qb7 20. Rfc1 Na7 21. Qb4
Rc8 22. Bf4 Nc6 23. Qb3 e6 24. Ne5 Nxe5 25. Bxe5 Nd7 26. Bg3 Raa8 27. Qb5 Rxc1+
28. Rxc1 Rc8 29. Rxc8+ Qxc8 30. a5 bxa5 31. Qxa5 Bf8 1/2-1/2

[Event "Kieler Open 2014-A"]
[Site "Kiel"]
[Date "2014.08.02"]
[Round "2.14"]
[White "Meyers, Mark"]
[Black "Franz, Karsten"]
[Result "1/2-1/2"]
[WhiteElo "2007"]
[BlackElo "2191"]
[PlyCount "34"]
[EventDate "2014.??.??"]
[WhiteTeam "Heinsberg"]
[BlackTeam "Dresden-Leuben"]

1. Nf3 g6 2. c4 Bg7 3. g3 d6 4. Bg2 Nc6 5. Nc3 e5 6. O-O f5 7. d3 Nf6 8. Nd5
Be6 9. Ng5 Bg8 10. f4 h6 11. Nh3 Be6 12. Rb1 O-O 13. b4 Qd7 14. b5 Nd8 15.
Nxf6+ Rxf6 16. a4 Rf8 17. Ba3 Re8 1/2-1/2

[Event "Kieler Open 2014-A"]
[Site "Kiel"]
[Date "2014.08.02"]
[Round "2.15"]
[White "Kardoeus, David"]
[Black "Nonnenmacher, Thomas"]
[Result "1-0"]
[WhiteElo "2003"]
[BlackElo "2174"]
[PlyCount "119"]
[EventDate "2014.??.??"]
[WhiteTeam "Werder Bremen"]
[BlackTeam "Pinneberg"]

1. e4 Nf6 2. Nc3 d5 3. e5 d4 4. exf6 dxc3 5. fxg7 cxd2+ 6. Qxd2 Qxd2+ 7. Bxd2
Bxg7 8. O-O-O Bf5 9. Nf3 Nd7 10. Be3 e5 11. Bc4 Nb6 12. Bb3 O-O 13. Rhe1 Rfe8
14. Ng5 Bg6 15. f3 Rad8 16. Ne4 Nc8 17. Bg5 Rxd1+ 18. Kxd1 Bxe4 19. Rxe4 Nd6
20. Re2 Kf8 21. c3 b6 22. g4 f6 23. Bh4 h6 24. Bc2 Nf7 25. Rd2 Rd8 26. Rxd8+
Nxd8 27. Bg3 Ne6 28. Ke2 Ke7 29. h4 c6 30. Ke3 Nc5 31. b4 Nb7 32. Be4 Nd8 33.
c4 Kd6 34. Bf5 c5 35. b5 Ke7 36. Ke4 Kd6 37. f4 Nb7 38. g5 hxg5 39. hxg5 fxg5
40. fxe5+ Ke7 41. Bh7 Nd8 42. Kd5 Ne6 43. Bc2 Nf4+ 44. Bxf4 gxf4 45. Bd1 Bh8
46. Ke4 Bg7 47. Kxf4 Bh6+ 48. Ke4 Bd2 49. Kd5 Bc3 50. Bg4 Bd4 51. e6 Bf6 52.
Kc6 Kd8 53. Kb7 Be7 54. a4 Bd6 55. Kxa7 Kc7 56. Bh3 Be7 57. Bf5 Bd6 58. Bc2 Be7
59. a5 bxa5 60. b6+ 1-0